L'opera completa di Francesco Guardi

Αποθηκεύτηκε σε:
Λεπτομέρειες βιβλιογραφικής εγγραφής
Κύριος συγγραφέας: Guardi, Francesco, 1712-1793
Άλλοι συγγραφείς: Rossi Bortolatto, Luigina
Μορφή: Βιβλίο
Γλώσσα:Italian
Δημοσίευση: Milano : Rizzoli Editore, 1974
Σειρά:Classici dell' arte ; ; 71
Θέματα:
Ετικέτες: Προσθήκη ετικέτας
Δεν υπάρχουν, Καταχωρήστε ετικέτα πρώτοι!

MARC

LEADER 00000cam a2200000 i 4500
001 1/42985
008 961104s1974 ita d
035 |l 10025687 
040 |a GR-MY-UA  |b gre  |e aacr 
041 0 |a ita 
082 0 |a 759.5 
100 1 |a Guardi, Francesco,   |d 1712-1793. 
245 1 0 |a L'opera completa di Francesco Guardi /  |c introdotta da scritti del pittore e coordinata da Luigina Rossi Bortolatto 
260 |a Milano :   |b Rizzoli Editore,   |c 1974 
300 |a 144 σ.  |b εγχρ., εικ. 
490 1 |a Classici dell'arte  |v ; 71 
504 |a Περιλαμβάνει ευρετήριο 
600 1 0 |a Guardi, Francesco,   |d 1712-1793. 
650 0 0 |a Painting, Italian. 
700 1 |a Rossi Bortolatto, Luigina. 
830 0 |a Classici dell' arte ;  |v ; 71 
852 |a INST  |b CHIOS  |e 19961104  |h 759.5 GUA  |p 005200011116  |q 005200011116  |t BK  |y 0 
909 |a Χ  |b 047760